000 01775nam a2200277Ia 4500
999 _c40475
_d40475
001 7086
003 GE_BSU
005 20230607164954.0
008 181216s2009||||ge |||||||||||||| ||geo||
020 _a9789941908620
040 _cGE_BSU
041 _ageo
080 _a821.353.1-3 ლ-68
245 _aლიტერატურული შედევრები :
_bნაწარმოებთა მოკლე შინაარსები 2 ტომად. [ტ. 2], ქართული /
_cგამოცემის იდეის ავტ. და რედ. მაია მალაციძე; შემოქმ. ჯგუფის ხელმძღვ. გია მურღულია; შემოქმ. ჯგუფი: ლალი დათაშვილი, მირანდა ტყეშელაშვილი, ნანა გონჯილაშვილი [და სხვ.]
264 _aთბილისი:
_bტრიასი,
_c2009.
300 _a244 გვ.:
_bპორტ.;
_c24 სმ.
653 _aქართული პროზა
700 _aხუცესი,იაკობ
_eავტორი
_918544
700 _aსაბანისძე, იოანე
_eავტორი
_918545
700 _aმერჩულე, გიორგი
_eავტორი
_918546
700 _aმცირე, გიორგი
_eავტორი
_918547
700 _aრუსთაველი, შოთა
_eავტორი
_918548
700 _aორბელიანი, სულხან-საბა, 1658-1725
_eავტორი
_918549
700 _aბარათაშვილი, ნიკოლოზ და სხვ.
_eავტორი.
_918550
942 _cBK
_2udc